000 00673nam a2200217 a 4500
005 20180803165121.0
008 140312b1996 wau||||gr|||| 00| 0 eng d
040 _aCO-BoIAVH
_cCO-BoIAVH
041 _aeng
044 _axxu
082 4 _a333.707
_bB82b
110 2 _bGlobal Environment Facility
_911973
245 1 _aBrazil
_bnational biodiversity project, Brazilian biodiversity fund project
260 _aWashington
_bGEF
_bWorld Bank
_c1996
300 _a99 paginas.:
_c27 x 21 cm.
650 6 _a Biodiversidad
_zBrasil
_955252
650 6 _aEstaditicas
_vBiodiversidad
_zBrasil
_955253
650 6 _aMedio ambiente
_992195
942 _cLIBRO
_2ddc
945 _d2004-03-24
999 _c3748
_d3748